La argentina contemporánea : desde la caída de rosas hasta la segunda presidencia de menen /

Guardado en:
Autor Principal: Recalde, Héctor
Formato: Libro
Publicado: Buenos Aires : Aula Taller, 2000
Series:Historia
Materias:
Etiquetas: Agregar Etiqueta
Sin Etiquetas, Sea el primero en etiquetar este registro!
LEADER 01190nam a22002175a 4500
001 CEM.cems013117
005 20090508130155.0
008 130507s2000##################000#0#####d
003 CEMS
020 |a 9879675746 
082 0 4 |a Z982.06 
100 1 |a Recalde, Héctor 
245 1 0 |a La argentina contemporánea :  |b desde la caída de rosas hasta la segunda presidencia de menen /  |c Héctor Recalde 
260 |a Buenos Aires :  |b Aula Taller,  |c 2000 
300 |a 310 p. 
490 0 |a Historia 
505 0 |a La Argentina en 1852 -- La organización nacional (1852-1862) -- Las primeras presidencias nacionales (1862-1880) -- La década del 80 -- Apogeo y crisis del orden conservador (1890-1916) -- Los primeros gobiernos racicales (1916-1930) -- La restauración conservadora (1930-1943) -- El primer peronismo (1943-1955) -- La semidemocracia inestable (1955-1966) -- Ensayo autoritario y crisis social (1966-1976) -- El proceso de reorganización nacional (1976-1983) -- Normalización institucional y neoliberalismo (1983 ...) 
653 |a Historia 
653 |a Historia argentina 
653 |a Historia argentina contemporánea 
859 |a CEMS  |b BIB. CEMS - 11 de abril  |h Z982.06  |i R243  |p 25567.09  |t Ej.1